F1 2026 Driver Lineup - Statistics

General Stats
  • This quiz has been taken 84 times
  • The average score is 20 of 22
Answer Stats
Team Answer % Correct
Ferrari Lewis Hamilton
100%
Red Bull Max Verstappen
100%
McLaren Lando Norris
99%
Mercedes George Russell
97%
McLaren Oscar Piastri
97%
Ferrari Charles Leclerc
96%
Mercedes Kimi Antonelli
96%
Williams Carlos Sainz
95%
Aston Martin Fernando Alonso
95%
Audi Nico Hulkenberg
95%
Racing Bulls Liam Lawson
93%
Cadillac Valtteri Bottas
93%
Haas Oliver Bearman
92%
Alpine Pierre Gasly
92%
Haas Esteban Ocon
91%
Red Bull Isack Hadjar
91%
Aston Martin Lance Stroll
91%
Cadillac Sergio Perez
89%
Williams Alexander Albon
88%
Alpine Franco Colapinto
88%
Audi Gabriel Bortoleto
86%
Racing Bulls Arvid Lindblad
76%
No matching quizzes found
Score Distribution
Percent of People with Each Score
Percentile by Number Answered
Your Score History
You have not taken this quiz